[Event "Dundee & Angus Open"]
[Site "?"]
[Date "2016.10.07"]
[Round "1"]
[White "Cooke, Mark"]
[Black "Kosznik, Dariusz"]
[Result "1-0"]
[WhiteElo "1949"]
[BlackElo "1718"]
[PlyCount "83"]
[WhiteTeam "Scotland"]
[BlackTeam "Germany 2"]

1. d4 Nf6 2. Bg5 d5 3. e3 c6 4. Nd2 Bf5 5. c4 e6 6. Be2 Bb4 7. Ngf3 Nbd7 8. a3
Bd6 9. Rc1 Qa5 10. O-O h6 11. Bh4 g5 12. Bg3 Bxg3 13. hxg3 Qd8 14. b4 Ng4 15.
cxd5 exd5 16. b5 Rc8 17. Qa4 Qb6 18. Qb4 f6 19. Nb3 Kf7 20. Nfd2 h5 21. e4 Be6
22. Rfe1 h4 23. exd5 cxd5 24. Nc5 hxg3 25. fxg3 Qd6 26. Nf1 Nh6 27. Bh5+ Ke7
28. Rxe6+ Qxe6 29. Nxe6+ Kxe6 30. Re1+ Ne5 31. dxe5 fxe5 32. Bg4+ Nxg4 33.
Qxg4+ Kd6 34. Qxg5 Rce8 35. Qf6+ Kc5 36. Rxe5 Rd8 37. a4 Rhf8 38. Qg5 Kb4 39.
Rxd5 Rde8 40. Qg4+ Ka5 41. Nd2 Re1+ 42. Kh2 1-0

[Event "Dundee & Angus Open"]
[Site "?"]
[Date "2016.10.09"]
[Round "1"]
[White "Dabos-Doukas, Ioannis"]
[Black "Abdulla, Murad"]
[Result "0-1"]
[WhiteElo "1786"]
[BlackElo "2045"]
[PlyCount "68"]
[WhiteTeam "Scotland"]
[BlackTeam "Germany 2"]

1. d4 Nf6 2. Nf3 c5 3. d5 b5 4. Bg5 Qb6 5. a4 bxa4 6. Nc3 Qxb2 7. Nxa4 Qb7 8.
Nc3 d6 9. Rb1 Qc7 10. e4 a6 11. Bc4 Nbd7 12. O-O g6 13. Re1 Bg7 14. Qe2 O-O 15.
h3 h6 16. Bf4 Nh5 17. Bd2 Nb6 18. Rb3 Nxc4 19. Qxc4 Nf6 20. e5 Nd7 21. e6 fxe6
22. dxe6 Nf6 23. Qd3 g5 24. Qg6 c4 25. Rbb1 Qc5 26. Be3 Qa5 27. Bd4 Ne8 28. Rb5
axb5 29. Nd5 Qd8 30. Bb6 Nc7 31. Nxc7 Rf6 32. Nxa8 Qf8 33. Qe4 Bxe6 34. Bd4 Rf5
{Remaining moves illegible} 0-1

[Event "Dundee & Angus Open"]
[Site "?"]
[Date "2016.10.07"]
[Round "1"]
[White "Mooney, Graham"]
[Black "Sanger, Jake"]
[Result "1/2-1/2"]
[WhiteElo "1888"]
[BlackElo "1563"]
[PlyCount "100"]
[WhiteTeam "Scotland"]
[BlackTeam "Germany 2"]

1. e4 e6 2. Nf3 d5 3. Nc3 Nf6 4. e5 Nfd7 5. d4 c5 6. Bf4 Nc6 7. dxc5 Bxc5 8.
Bd3 Nb4 9. O-O Nxd3 10. Qxd3 a6 11. a4 Nf8 12. Rab1 Ng6 13. Bg3 Qe7 14. a5 Bd7
15. Nd4 Rc8 16. Nce2 Bb4 17. Ra1 Qd8 18. Nb3 Bb5 19. Qd1 Qc7 20. c3 Be7 21.
Nbd4 Bxe2 22. Qxe2 h5 23. h3 h4 24. Bh2 Qc4 25. Qd2 Nf8 26. Qd1 Nd7 27. Kh1 Nc5
28. f3 Kd7 29. Rf2 Bg5 30. Rc2 Be3 31. Re2 Bxd4 32. cxd4 Nb3 33. Ra3 Qxd4 34.
Qe1 Rc1 35. Rxb3 Rxe1+ 36. Rxe1 Rc8 37. Bg1 Qd2 38. Rbe3 Qxa5 39. f4 Rc2 40. f5
Rxb2 41. fxe6+ fxe6 42. Rf1 Qd2 43. Rf7+ Ke8 44. Rxg7 Kf8 45. Rg4 Rb1 46. Rf3+
Ke7 47. Rg7+ Ke8 48. Kh2 Qe1 49. Rg8+ Kd7 50. Rf7+ Kc6 1/2-1/2

[Event "Dundee & Angus Open"]
[Site "?"]
[Date "2016.10.07"]
[Round "1"]
[White "Wiltshir, Rich"]
[Black "White, Stuart A"]
[Result "0-1"]
[WhiteElo "1635"]
[BlackElo "1906"]
[PlyCount "100"]
[WhiteTeam "Scotland"]
[BlackTeam "Germany 2"]

1. Nc3 d5 2. Nf3 Nf6 3. e3 Bg4 4. h3 Bh5 5. b3 e6 6. Bb2 h6 7. Bd3 Bxf3 8. Qxf3
Nbd7 9. g4 c6 10. e4 Ne5 11. Qe2 Nxd3+ 12. cxd3 d4 13. Nd1 e5 14. O-O Nd7 15.
f4 c5 16. f5 Be7 17. Nf2 Bg5 18. Nh1 h5 19. gxh5 Nf6 20. Rf2 Nxh5 21. Qf3 Nf4
22. Rh2 Qe7 23. Rc1 b6 24. Nf2 Qd7 25. Rc4 Rc8 26. Ng4 f6 27. Nf2 Kf7 28. Kf1
Rcg8 29. Ke1 Qb7 30. Kd1 g6 31. fxg6+ Rxg6 32. Ng4 Ke8 33. Kc2 Rh4 34. Qf1 Qh7
35. b4 Rxg4 36. bxc5 b5 37. Rb4 Rg3 38. Rxb5 Qc7 39. Ba3 a6 40. Rb3 Rg7 41. Qb1
Rd7 42. Rb6 Nxd3 43. Rxa6 Nxc5 44. Ra8+ Kf7 45. Rh1 Nd3+ 46. Kd1 Nf2+ 47. Ke2
Nxh1 48. Qb5 d3+ 49. Kf1 Rd8 50. Ra6 Rb8 0-1

[Event "Dundee & Angus Open"]
[Site "?"]
[Date "2016.10.07"]
[Round "1"]
[White "Pasha, Tariq"]
[Black "Lennart, Koehn"]
[Result "0-1"]
[WhiteElo "1739"]
[BlackElo "1968"]
[PlyCount "78"]
[WhiteTeam "Scotland"]
[BlackTeam "Germany 2"]

1. d4 Nf6 2. c4 e6 3. Nf3 c5 4. d5 exd5 5. cxd5 d6 6. Nc3 g6 7. h3 Bg7 8. Bf4
O-O 9. e3 Nh5 10. Bh2 f5 11. Qd2 a6 12. a4 Qe7 13. Be2 Nd7 14. O-O Nhf6 15. Ng5
Ne5 16. Rfd1 Rd8 17. a5 Bd7 18. Qc2 Ne8 19. Nf3 Nxf3+ 20. Bxf3 Nc7 21. Na4 Bxa4
22. Rxa4 Nb5 23. Rc1 Rac8 24. Bg3 Re8 25. Bh2 Bf6 26. Qe2 Qg7 27. Ra2 Re7 28.
Qd2 Rec7 29. Be2 c4 30. Qb4 c3 31. b3 c2 32. Bc4 Bc3 33. Qa4 Bb2 34. Raa1 Nc3
35. Qb4 Bxc1 36. Rxc1 Rxc4 37. bxc4 Ne2+ 38. Kh1 Nxc1 39. Qxd6 Re8 0-1

[Event "Dundee & Angus Open"]
[Site "?"]
[Date "2016.10.07"]
[Round "1"]
[White "Marks, Ian"]
[Black "D'Costa, Leston"]
[Result "1-0"]
[WhiteElo "1900"]
[BlackElo "1628"]
[PlyCount "93"]
[WhiteTeam "Scotland"]
[BlackTeam "Germany 2"]

1. d4 f5 2. Nc3 Nf6 3. Bg5 e6 4. e4 Be7 5. exf5 exf5 6. Bd3 d6 7. Nf3 Be6 8.
Qe2 Qd7 9. Bxf6 gxf6 10. d5 Bf7 11. Nd4 Bg6 12. O-O-O Kf7 13. Qf3 Na6 14. Bxf5
Bxf5 15. Nxf5 Rag8 16. Nh6+ Ke8 17. Qh5+ Rg6 18. Rhe1 Kf8 19. Re3 f5 20. Rg3
Qe8 21. Nxf5 Rxg3 22. Qxe8+ Kxe8 23. hxg3 Rf8 24. Nxe7 Kxe7 25. f3 Nc5 26. Rh1
Rf7 27. Kd2 Kf6 28. g4 Re7 29. Re1 Rxe1 30. Kxe1 Ke5 31. Kf2 Nd7 32. Ke3 h6 33.
f4+ Kf6 34. Nb5 c6 35. dxc6 bxc6 36. Nxd6 Ke6 37. Ne4 c5 38. c4 a5 39. b3 Ke7
40. Kf3 Ke6 41. Kg3 Kf7 42. Kh4 Kg6 43. f5+ Kg7 44. g5 Kh7 45. g4 Kg7 46. gxh6+
Kxh6 47. g5+ 1-0

[Event "Dundee & Angus Open"]
[Site "?"]
[Date "2016.10.07"]
[Round "1"]
[White "Smith, Callum"]
[Black "Jennings, Richard"]
[Result "1/2-1/2"]
[WhiteElo "1565"]
[BlackElo "1888"]
[PlyCount "91"]
[WhiteTeam "Scotland"]
[BlackTeam "Germany 2"]

1. e4 d6 2. d4 Nf6 3. Nc3 Nbd7 4. Nf3 e5 5. dxe5 dxe5 6. a3 Bc5 7. Bc4 O-O 8.
O-O c6 9. Bg5 h6 10. Bh4 b5 11. Ba2 a5 12. Qc1 Qc7 13. Nd2 Nh5 14. Ne2 Nf4 15.
Nxf4 exf4 16. b4 Bb6 17. bxa5 Rxa5 18. Be7 Re8 19. Bb4 Ra7 20. c4 bxc4 21. Bxc4
Ne5 22. Be2 Ba6 23. Bxa6 Rxa6 24. Bc5 Bxc5 25. Qxc5 Ra5 26. Qc3 Qa7 27. Kh1 Rd8
28. Nb3 Rb5 29. a4 Rxb3 30. Qxb3 Rd3 31. Qb2 f6 32. a5 f3 33. Qb6 fxg2+ 34.
Kxg2 Qd7 35. f3 Kh7 36. Rae1 Nxf3 37. Rxf3 Qg4+ 38. Rg3 Rd2+ 39. Kg1 Qh4 40.
Rxg7+ Kxg7 41. Qc7+ Kg6 42. Qg3+ Qxg3+ 43. hxg3 Ra2 44. Rc1 Rxa5 45. Rxc6 Ra4
46. e5 $11 1/2-1/2

[Event "Dundee & Angus Open"]
[Site "?"]
[Date "2016.10.07"]
[Round "1"]
[White "Rutherford, Willie"]
[Black "Berera, Siddharth"]
[Result "1-0"]
[WhiteElo "1912"]
[BlackElo "1650"]
[PlyCount "81"]
[WhiteTeam "Scotland"]
[BlackTeam "Germany 2"]

1. d4 d5 2. c4 c6 3. cxd5 cxd5 4. Nc3 Nf6 5. Bf4 Nc6 6. e3 Bf5 7. Qb3 Qd7 8.
Nf3 e6 9. Ne5 Qc8 10. Bb5 Nd7 11. Qa4 Ndxe5 12. Bxe5 f6 13. Bg3 a6 14. Bxc6+
bxc6 15. O-O Qd7 16. b4 Bd3 17. Rfc1 Bd6 18. Qd1 Bg6 19. Na4 Bxg3 20. hxg3 Ra7
21. Nc5 Qd6 22. Qa4 O-O 23. Rc3 e5 24. Rac1 Rfa8 25. Nb3 Be8 26. Rc5 Rb7 27.
Na1 Rb5 28. a3 Bd7 29. Qd1 Rxc5 30. Rxc5 Rb8 31. Qd3 Rb5 32. Nb3 g6 33. Qc3 Kg7
34. Qc1 exd4 35. exd4 Rxc5 36. Nxc5 Bc8 37. Qe3 Qd8 38. Qe2 f5 39. Qe5+ Kg8 40.
Qb8 Kg7 41. Ne6+ 1-0

[Event "Dundee & Angus Open"]
[Site "?"]
[Date "2016.10.07"]
[Round "1"]
[White "Romilly, Peter"]
[Black "Milton, Carl"]
[Result "1-0"]
[WhiteElo "2033"]
[BlackElo "1743"]
[PlyCount "63"]
[WhiteTeam "Scotland"]
[BlackTeam "Germany 2"]

1. e4 c5 2. Nf3 d6 3. d4 cxd4 4. Nxd4 Nf6 5. Nc3 g6 6. Be3 Bg7 7. f3 Nc6 8. Qd2
O-O 9. Bc4 Bd7 10. h4 Rb8 11. O-O-O b5 12. Bb3 Ne5 13. h5 Nxh5 14. Bh6 b4 15.
Nd5 e6 16. g4 exd5 17. Bxg7 Kxg7 18. gxh5 g5 19. Bxd5 Qf6 20. Rdg1 Kh8 21. Rxg5
Nxf3 22. Nxf3 Qxf3 23. Qd4+ f6 24. Rhg1 Qf4+ 25. Kb1 Rbe8 26. Rg7 Be6 27. Qxa7
Qh6 28. Bxe6 Rxe6 29. Qf7 Ree8 30. Qd5 Qf4 31. Rxh7+ Kxh7 32. Qb7+ 1-0

[Event "Dundee & Angus Open"]
[Site "?"]
[Date "2016.10.07"]
[Round "1"]
[White "Gray, Euan"]
[Black "IM Orr, Mark"]
[Result "0-1"]
[WhiteElo "1826"]
[BlackElo "2110"]
[PlyCount "48"]
[WhiteTeam "Scotland"]
[BlackTeam "Germany 2"]

1. d4 Nf6 2. c4 e6 3. Nc3 Bb4 4. e3 b6 5. Bd3 Bb7 6. Nf3 Ne4 7. O-O Bxc3 8.
bxc3 f5 9. Qc2 O-O 10. Ne1 d6 11. f3 Nf6 12. e4 fxe4 13. fxe4 Nbd7 14. Nf3 e5
15. c5 Kh8 16. cxd6 cxd6 17. Ba3 Qe7 18. Rfe1 Rad8 19. Rad1 a6 20. Qd2 Ne8 21.
Bf1 Rf6 22. Qg5 Rc8 23. Re3 b5 24. Nh4 Rxf1+ 0-1

[Event "Dundee & Angus Open"]
[Site "?"]
[Date "2016.10.07"]
[Round "1"]
[White "Rutherford, Kathleen"]
[Black "Bucher, Goetz"]
[Result "0-1"]
[WhiteElo "1540"]
[BlackElo "1887"]
[PlyCount "86"]
[WhiteTeam "Scotland"]
[BlackTeam "Germany 2"]

1. e4 e5 2. Nf3 Nc6 3. d4 exd4 4. Nxd4 Bc5 5. Be3 Qf6 6. c3 Nge7 7. Bc4 d6 8.
O-O Ne5 9. Be2 a6 10. Nd2 Bd7 11. a4 O-O 12. b4 Ba7 13. f4 N5g6 14. N2f3 Nxf4
15. Kh1 Nxe2 16. Qxe2 Nc6 17. Bg5 Nxd4 18. cxd4 Qe6 19. Rac1 Rac8 20. a5 Bb5
21. Qc2 Bxf1 22. Rxf1 f6 23. Be3 Qf7 24. Qd3 Rfe8 25. e5 dxe5 26. Nxe5 Qd5 27.
Ng4 Qe6 28. h3 Bb8 29. d5 Rcd8 30. Bh6 Rxd5 31. Nxf6+ gxf6 32. Qg3+ Rg5 33.
Bxg5 fxg5 34. Qxg5+ Kh8 35. Qd2 c6 36. Qc3+ Qe5 37. Qxe5+ Bxe5 38. Rf7 Bd6 39.
Kg1 Re7 40. Rf5 Bxb4 41. g4 Kg7 42. Kg2 Rd7 43. h4 Rd5 0-1

[Event "Dundee & Angus Open"]
[Site "?"]
[Date "2016.10.07"]
[Round "1"]
[White "Shafi, Declan"]
[Black "Robertson, Jim"]
[Result "1-0"]
[WhiteElo "1886"]
[BlackElo "1524"]
[PlyCount "51"]
[WhiteTeam "Scotland"]
[BlackTeam "Germany 2"]

1. d4 d5 2. c4 e6 3. Nc3 dxc4 4. e4 Nf6 5. Bxc4 Bb4 6. f3 Nc6 7. Nge2 a6 8. a3
Bxc3+ 9. bxc3 Ne7 10. O-O h6 11. a4 Bd7 12. Qb3 Bc6 13. Ba3 O-O 14. Nf4 g5 15.
e5 gxf4 16. exf6 Nd5 17. Bxd5 Bxd5 18. c4 Qxf6 19. cxd5 Qxd4+ 20. Kh1 Rfe8 21.
dxe6 Rxe6 22. Bb2 Qe3 23. Qxb7 Rae8 24. Qxc7 Qe2 25. Qc3 Rg6 26. Qh8# 1-0

[Event "Dundee & Angus Open"]
[Site "?"]
[Date "2016.10.07"]
[Round "1"]
[White "Connolly Sams, Lukah"]
[Black "Robinson, stephen"]
[Result "0-1"]
[WhiteElo "1476"]
[BlackElo "1866"]
[PlyCount "66"]
[WhiteTeam "Scotland"]
[BlackTeam "Germany 2"]

1. d4 e6 2. Nf3 f5 3. c4 Nf6 4. Nc3 Bb4 5. Bd2 b6 6. g3 Bb7 7. Bg2 O-O 8. O-O
c5 9. dxc5 Bxc5 10. a3 Ne4 11. Nxe4 fxe4 12. Bg5 exf3 13. Bxf3 Qc8 14. Bxb7
Qxb7 15. b4 Rf5 16. bxc5 Rxg5 17. cxb6 axb6 18. f4 Rc5 19. e3 Rxc4 20. Qh5 Nc6
21. Rad1 Ne7 22. g4 Nd5 23. Rde1 Rc2 24. e4 Nc3 25. f5 Rf8 26. fxe6 Rxf1+ 27.
Kxf1 g6 28. e7 Qc8 29. Qg5 Kf7 30. e5 Qc4+ 31. Kg1 Qd4+ 32. Kh1 Qe4+ 33. Kg1
Qg2# 0-1

[Event "Dundee & Angus Open"]
[Site "?"]
[Date "2016.10.07"]
[Round "1"]
[White "Irving, Neil"]
[Black "IM Greet, Andrew"]
[Result "0-1"]
[WhiteElo "1845"]
[BlackElo "2465"]
[PlyCount "38"]
[WhiteTeam "Scotland"]
[BlackTeam "Germany 2"]

1. Nf3 d5 2. c4 d4 3. g3 Nc6 4. Bg2 e5 5. d3 Bb4+ 6. Nbd2 a5 7. O-O Nf6 8. Ng5
Ng4 9. Nde4 f5 10. h3 Nh6 11. Nxh7 Rxh7 12. Ng5 Rh8 13. Bd5 Qf6 14. e4 f4 15.
h4 Ne7 16. c5 Bxc5 17. Qb3 Bd6 18. Bxb7 Rb8 19. Qb5+ Kd8 0-1

[Event "Dundee & Angus Open"]
[Site "?"]
[Date "2016.10.07"]
[Round "1"]
[White "McCusker, Andrew"]
[Black "Newton, Andrew"]
[Result "0-1"]
[WhiteElo "1710"]
[BlackElo "1912"]
[PlyCount "22"]
[WhiteTeam "Scotland"]
[BlackTeam "Germany 2"]

1. c4 c6 2. g3 d5 3. cxd5 cxd5 4. d4 Nc6 5. Bg2 Nf6 6. Bg5 Qb6 7. Bxf6 Qxb2 8.
Nd2 exf6 9. Bxd5 Bb4 10. e3 Bxd2+ 11. Kf1 Qb5+ 0-1

[Event "Dundee & Angus Open"]
[Site "?"]
[Date "2016.10.07"]
[Round "1"]
[White "WFM Bamber, Elaine"]
[Black "Doyle, Jim"]
[Result "1-0"]
[WhiteElo "2095"]
[BlackElo "1787"]
[PlyCount "81"]
[WhiteTeam "Scotland"]
[BlackTeam "Germany 2"]

1. e4 c6 2. d4 d5 3. Nc3 dxe4 4. Nxe4 Nf6 5. Nxf6+ gxf6 6. c3 Bf5 7. Ne2 e6 8.
Ng3 Bg6 9. h4 h5 10. Be2 Qa5 11. b4 Qb6 12. Nxh5 Bxh5 13. Bxh5 a5 14. Qe2 Be7
15. g4 Nd7 16. bxa5 Qxa5 17. Rh3 Qd5 18. Re3 Rxh5 19. gxh5 Qh1+ 20. Qf1 Qxh4
21. Qh3 Qxh3 22. Rxh3 O-O-O 23. Be3 e5 24. Ke2 f5 25. dxe5 Nxe5 26. Bd4 Bf6 27.
Rg1 Re8 28. Re3 f4 29. Re4 f3+ 30. Kd1 Kd7 31. Bxe5 Bxe5 32. Rg5 f6 33. Rg7+
Ke6 34. Kc2 f5 35. Re1 Kf6 36. Rg6+ Kf7 37. Re3 f4 38. Rxf3 Bb8 39. Rd3 Re2+
40. Rd2 Re5 41. Rd7+ 1-0

[Event "Dundee & Angus Open"]
[Site "?"]
[Date "2016.10.07"]
[Round "1"]
[White "MacQueen, Calum"]
[Black "Mitchell, Jeremy"]
[Result "1-0"]
[WhiteElo "2331"]
[BlackElo "1831"]
[PlyCount "73"]
[WhiteTeam "Scotland"]
[BlackTeam "Germany 2"]

1. d4 d5 2. c4 c6 3. Nf3 Nf6 4. e3 g6 5. Be2 Bg7 6. O-O O-O 7. b3 c5 8. Bb2
cxd4 9. exd4 Bg4 10. Nbd2 Nc6 11. Re1 e6 12. h3 Bxf3 13. Nxf3 Qb6 14. c5 Qc7
15. a3 Nd7 16. b4 a6 17. Qd2 Rfd8 18. Rac1 Ne7 19. Bf1 Nf5 20. Rc2 Nb8 21. a4
Nc6 22. b5 axb5 23. axb5 Na5 24. b6 Qc8 25. Ne5 Nc6 26. f4 Nxe5 27. fxe5 Qc6
28. Qf2 Ra2 29. g4 Ne7 30. Bc1 Rxc2 31. Qxc2 Ra8 32. Bg5 Kf8 33. Qb3 Qa4 34.
Qxa4 Rxa4 35. Bb5 Ra5 36. Rb1 Rxb5 37. Bxe7+ 1-0

[Event "Dundee & Angus Open"]
[Site "?"]
[Date "2016.10.08"]
[Round "2"]
[White "White, Stuart"]
[Black "WFM Bamber, Elaine"]
[Result "0-1"]
[WhiteElo "1906"]
[BlackElo "2093"]
[PlyCount "128"]
[WhiteTeam "Scotland"]
[BlackTeam "Germany 2"]

1. d4 d5 2. c4 e6 3. Nc3 Nf6 4. cxd5 exd5 5. Bg5 Be7 6. e3 c6 7. Bd3 Nbd7 8.
Qc2 h6 9. Bh4 Nh5 10. Bxe7 Qxe7 11. O-O-O Nb6 12. h3 Be6 13. Nf3 O-O-O 14. Kb1
Nf6 15. Rc1 Kb8 16. Na4 Nxa4 17. Qxa4 Nd7 18. Rc3 Nb6 19. Qa5 f6 20. Ra3 Nc8
21. Rc1 Qd7 22. Ka1 Bf5 23. Bf1 Rhe8 24. Nd2 Bh7 25. Nb3 Re7 26. Nc5 Qc7 27.
Qa4 f5 28. Ba6 Nb6 29. Qb4 Qd6 30. Bd3 Bg6 31. Qa5 Nc8 32. g4 Rf8 33. Qa4 fxg4
34. Qb4 Bxd3 35. Rxd3 gxh3 36. f4 h2 37. Rdc3 Rf6 38. R3c2 Nb6 39. b3 Rxe3 40.
Rxh2 Qxf4 41. Rhc2 Re2 42. a4 Rxc2 43. Rxc2 Qf5 44. Re2 Qg6 45. Re1 Qf7 46. a5
Nc8 47. Na6+ Ka8 48. Re8 Rf1+ 49. Kb2 Qf2+ 50. Kc3 Rc1+ 51. Kd3 Qf3+ 52. Kd2
Rd1+ 53. Kc2 Qd3+ 54. Kb2 Rb1+ 55. Ka3 Ra1+ 56. Kb2 Rb1+ 57. Ka3 Ra1+ 58. Kb2
Qb1+ 59. Kc3 Qc1+ 60. Kd3 Qf1+ 61. Ke3 Re1+ 62. Kd2 Qf2+ 63. Kd3 Qg3+ 64. Kd2
Rxe8 0-1

[Event "Dundee & Angus Open"]
[Site "?"]
[Date "2016.10.08"]
[Round "2"]
[White "Abdulla, Murad"]
[Black "Shafi, Declan"]
[Result "0-1"]
[WhiteElo "2045"]
[BlackElo "1886"]
[PlyCount "148"]
[WhiteTeam "Scotland"]
[BlackTeam "Germany 2"]

1. e4 e5 2. Nf3 Nc6 3. Bc4 Bc5 4. d3 Nf6 5. O-O O-O 6. c3 a6 7. d4 exd4 8. cxd4
Ba7 9. e5 d5 10. exf6 dxc4 11. d5 Nb4 12. fxg7 Re8 13. Nc3 Bf5 14. Bg5 Qd6 15.
Qd2 Nd3 16. b3 b5 17. bxc4 bxc4 18. Be3 Bb6 19. Nh4 Bd7 20. Bxb6 cxb6 21. Qg5
b5 22. Nf5 Bxf5 23. Qxf5 Qe5 24. Qxe5 Rxe5 25. a3 Rd8 26. Rfd1 Kxg7 27. g3 Rd6
28. Rd2 f5 29. Rad1 Kf6 30. Kg2 Re8 31. h3 Rg8 32. Kf1 Rb8 33. Rb1 Ke5 34. Rbd1
a5 35. Kg2 Kf6 36. Rxd3 cxd3 37. Rxd3 b4 38. axb4 axb4 39. Na4 Rb5 40. Rb3
Rdxd5 41. Nb2 Rd4 42. Nd3 Rbd5 43. Nxb4 Rb5 44. Nc2 Rxb3 45. Nxd4 Rd3 46. Nf3
Ra3 47. Nd2 Ke6 48. Nc4 Rc3 49. Ne3 Ke5 50. Kf3 Rb3 51. h4 h5 52. Kg2 Ke4 53.
Nc4 Rd3 54. Ne3 Rxe3 55. fxe3 Kxe3 56. Kh3 Kf3 57. Kh2 Kf2 58. Kh3 Kg1 59. g4
fxg4+ 60. Kg3 Kh1 61. Kf4 Kh2 62. Kg5 g3 63. Kxh5 g2 64. Kh6 g1=Q 65. h5 Qa7
66. Kg6 Qb6+ 67. Kg7 Qc7+ 68. Kg6 Qd6+ 69. Kg7 Qe7+ 70. Kg6 Qf8 71. Kh7 Qf7+
72. Kh6 Kh3 73. Kg5 Qh7 74. h6 Kg3 0-1

[Event "Dundee & Angus Open"]
[Site "?"]
[Date "2016.10.08"]
[Round "2"]
[White "Doyle, Jim"]
[Black "Wiltshir, Rich"]
[Result "1-0"]
[WhiteElo "1787"]
[BlackElo "1635"]
[PlyCount "125"]
[WhiteTeam "Scotland"]
[BlackTeam "Germany 2"]

1. e4 c6 2. d4 d5 3. Nc3 dxe4 4. Nxe4 Bf5 5. Ng3 Bg6 6. Nf3 Nd7 7. h4 h6 8. h5
Bh7 9. Bd3 Bxd3 10. Qxd3 e6 11. Bd2 Ngf6 12. O-O Bd6 13. Ne4 Nxe4 14. Qxe4 Nf6
15. Qh4 Qc7 16. Rfe1 Be7 17. c3 Rd8 18. Rad1 Rd5 19. Ne5 Nd7 20. Qg3 Bf6 21.
Nxd7 Qxd7 22. Qg4 c5 23. Be3 c4 24. Qe2 O-O 25. Qxc4 Rxh5 26. Qe2 Qb5 27. Qxb5
Rxb5 28. b3 a6 29. c4 Ra5 30. a4 Rh5 31. g4 Rh4 32. f3 h5 33. Bf2 Rh3 34. gxh5
Rxh5 35. Kg2 Rd8 36. Re4 g6 37. Rh1 Rg5+ 38. Kf1 Rf5 39. Ke2 Kg7 40. Be3 Rh8
41. Rxh8 Kxh8 42. Bf2 Rh5 43. Bg3 Kg7 44. b4 Rh3 45. Bd6 Rh1 46. d5 exd5 47.
cxd5 Ra1 48. a5 Ra2+ 49. Ke3 Ra3+ 50. Kf4 Rb3 51. Bc5 Kh6 52. Rc4 Bg5+ 53. Kg3
f5 54. d6 Bf6 55. Bd4 Bd8 56. Rc8 Bh4+ 57. Kxh4 g5+ 58. Kg3 g4 59. d7 Rxf3+ 60.
Kg2 f4 61. d8=Q Rg3+ 62. Kf2 Ra3 63. Qf6+ 1-0

[Event "Dundee & Angus Open"]
[Site "?"]
[Date "2016.10.08"]
[Round "2"]
[White "Mitchell, Jeremy"]
[Black "McCusker, Andrew"]
[Result "1-0"]
[WhiteElo "1831"]
[BlackElo "1710"]
[PlyCount "97"]
[WhiteTeam "Scotland"]
[BlackTeam "Germany 2"]

1. e4 c6 2. d4 d5 3. exd5 cxd5 4. c4 Nf6 5. Nc3 Nc6 6. Bf4 a6 7. Nf3 e6 8. c5
b5 9. Be2 Be7 10. O-O O-O 11. a3 Re8 12. b4 Bb7 13. Bd3 Nh5 14. Bg3 Nxg3 15.
fxg3 Bf6 16. Ne2 Qc7 17. Ra2 Rad8 18. Rd2 e5 19. dxe5 Nxe5 20. Nxe5 Rxe5 21.
Bb1 d4 22. Nf4 Re3 23. Nh5 Be5 24. Rdf2 Qc6 25. Qg4 d3 26. Qf5 Rd7 27. Nf4 g6
28. Qg4 d2 29. Rd1 Re1+ 30. Rf1 h5 31. Qf3 Bxf4 32. gxf4 Qxf3 33. gxf3 Bxf3 34.
Rfxe1 dxe1=Q+ 35. Rxe1 Bc6 36. Kf2 Kf8 37. Re5 Rd2+ 38. Re2 Rd1 39. Be4 Bd7 40.
Bb7 Rd4 41. Ke3 Rc4 42. Bxa6 Rc3+ 43. Kd4 Rxa3 44. Bb7 Rb3 45. c6 Be6 46. Kc5
Rc3+ 47. Kb6 Rc4 48. Rxe6 fxe6 49. c7 1-0

[Event "Dundee & Angus Open"]
[Site "?"]
[Date "2016.10.08"]
[Round "2"]
[White "Milton, Carl"]
[Black "Rutherford, Kathleen"]
[Result "1-0"]
[WhiteElo "1743"]
[BlackElo "1540"]
[PlyCount "69"]
[WhiteTeam "Scotland"]
[BlackTeam "Germany 2"]

1. d4 Nf6 2. c4 d6 3. Nf3 g6 4. Nc3 Bg7 5. e4 O-O 6. Be2 c5 7. O-O cxd4 8. Nxd4
Nc6 9. Be3 Bd7 10. f3 b6 11. Qd2 Nxd4 12. Bxd4 Rc8 13. Rfd1 h5 14. Rac1 Ne8 15.
Rc2 Nc7 16. Rdc1 Bxd4+ 17. Qxd4 Ne6 18. Qe3 Kg7 19. e5 dxe5 20. Qxe5+ Kg8 21.
Rd1 Rc5 22. Qe3 Qc8 23. Nd5 Re8 24. Rcd2 Rc6 25. Qa3 Nc5 26. Qxa7 Rd6 27. Nxb6
Qc6 28. Nxd7 Rxd7 29. Rxd7 Nxd7 30. Qxd7 Qc5+ 31. Qd4 Qa5 32. a3 e5 33. Qd5
Qb6+ 34. c5 Qxb2 35. Bc4 1-0

[Event "Dundee & Angus Open"]
[Site "?"]
[Date "2016.10.08"]
[Round "2"]
[White "IM Orr, Mark"]
[Black "Marks, Ian"]
[Result "1/2-1/2"]
[WhiteElo "2110"]
[BlackElo "1900"]
[PlyCount "96"]
[WhiteTeam "Scotland"]
[BlackTeam "Germany 2"]

1. c4 Nf6 2. Nc3 e5 3. Nf3 Nc6 4. g3 Bb4 5. Nd5 Bc5 6. d3 h6 7. Bg2 d6 8. O-O
O-O 9. e3 a6 10. b3 Bf5 11. Bb2 Ba7 12. Ne1 Nxd5 13. cxd5 Ne7 14. e4 Bd7 15.
Nc2 c6 16. dxc6 Nxc6 17. d4 Rc8 18. d5 Ne7 19. Bc1 f5 20. Be3 Bxe3 21. fxe3
fxe4 22. Rxf8+ Qxf8 23. Bxe4 Bf5 24. Bd3 Bxd3 25. Qxd3 Qf3 26. Rd1 Qxd5 27.
Qxd5+ Nxd5 28. Rxd5 Rxc2 29. Rxd6 Rxa2 30. Rb6 Re2 31. Rxb7 Rxe3 32. Rb6 Kf7
33. b4 Rb3 34. Kf2 Ke7 35. Kg2 Ra3 36. Kf2 a5 37. bxa5 Rxa5 38. Ke3 Ra4 39. Rc6
Rd4 40. Rg6 Kf7 41. Ra6 h5 42. Rb6 h4 43. gxh4 Rxh4 44. Rb2 Ke6 45. Rg2 Kf6 46.
Rf2+ Ke6 47. Rg2 Kf6 48. Rf2+ Ke6 1/2-1/2

[Event "Dundee & Angus Open"]
[Site "?"]
[Date "2016.10.08"]
[Round "2"]
[White "Robinson, Stephen"]
[Black "Cooke, Mark"]
[Result "1-0"]
[WhiteElo "1866"]
[BlackElo "1949"]
[PlyCount "85"]
[WhiteTeam "Scotland"]
[BlackTeam "Germany 2"]

1. d4 g6 2. Bg5 Bg7 3. Nc3 d6 4. e3 a6 5. Bc4 b5 6. Bxf7+ Kxf7 7. Qf3+ Nf6 8.
Bxf6 exf6 9. Qxa8 Bd7 10. Qd5+ Be6 11. Qf3 Re8 12. Nh3 Kg8 13. Nf4 Bf7 14. O-O
c6 15. Rfd1 f5 16. Nd3 a5 17. a3 Rf8 18. b4 a4 19. Rd2 Qe7 20. Re1 g5 21. g3
Bg6 22. Ne2 Bf7 23. Nc3 Bg6 24. Nd1 Qf7 25. N3b2 Bh5 26. Qg2 f4 27. e4 Bg6 28.
c4 bxc4 29. Nc3 Re8 30. Nbxa4 d5 31. Nc5 Bf8 32. b5 Bd6 33. Qf3 h5 34. bxc6
Bxc5 35. dxc5 Bxe4 36. Nxe4 dxe4 37. Qd1 Nxc6 38. Rd7 Re7 39. Rxe7 Nxe7 40.
Qd8+ Kg7 41. Qd4+ Kf8 42. Rb1 Nc6 43. Qxe4 1-0

[Event "Dundee & Angus Open"]
[Site "?"]
[Date "2016.10.08"]
[Round "2"]
[White "Newton, Andrew"]
[Black "MacQueen, Calum"]
[Result "0-1"]
[WhiteElo "2331"]
[BlackElo "1912"]
[PlyCount "132"]
[WhiteTeam "Scotland"]
[BlackTeam "Germany 2"]

1. d4 Nf6 2. c4 c5 3. d5 e5 4. Nc3 d6 5. e4 Be7 6. g3 O-O 7. Bg2 a6 8. a4 Nbd7
9. Nge2 Nh5 10. O-O g6 11. Bh6 Ng7 12. Qd3 Bg5 13. Bxg7 Kxg7 14. f4 exf4 15.
gxf4 Bf6 16. Kh1 Kh8 17. Rae1 Bg7 18. Bh3 Qh4 19. Qg3 Qxg3 20. hxg3 Nf6 21.
Bxc8 Raxc8 22. Kg2 Ng4 23. Nc1 Bd4 24. Rf3 Rce8 25. Nd3 Kg7 26. Re2 f5 27. e5
dxe5 28. fxe5 Nxe5 29. Nxe5 Rxe5 30. Rxe5 Bxe5 31. Rd3 Kf6 32. a5 Re8 33. Na4
Bd6 34. Rb3 Re7 35. Kf2 Ke5 36. Nb6 Kd4 37. Nc8 Rd7 38. Nb6 Rd8 39. Ke2 Re8+
40. Kf2 f4 41. gxf4 Bxf4 42. Rf3 g5 43. Rh3 Re7 44. Nc8 Rf7 45. Kg2 Kxc4 46. d6
Kd4 47. Rh1 Kd3 48. Re1 Rd7 49. Re7 Rd8 50. d7 Bc7 51. Rxh7 Ke4 52. Rg7 Kf5 53.
Rf7+ Ke6 54. Re7+ Kd5 55. Rg7 Bxa5 56. Rxg5+ Kc6 57. Ne7+ Kxd7 58. Nd5 Kc6 59.
Ne7+ Kb5 60. Nd5 Bb4 61. Kf2 Kc4 62. Ne3+ Kb3 63. Rg7 b5 64. Ra7 c4 65. Rxa6
Bc5 66. Re6 Rd3 0-1

[Event "Dundee & Angus Open"]
[Site "?"]
[Date "2016.10.08"]
[Round "2"]
[White "D'Costa, Leston"]
[Black "Dabos-Doukas, Ioannis"]
[Result "1/2-1/2"]
[WhiteElo "1628"]
[BlackElo "1786"]
[PlyCount "66"]
[WhiteTeam "Scotland"]
[BlackTeam "Germany 2"]

1. e4 c5 2. Nc3 Nc6 3. f4 g6 4. Nf3 Bg7 5. Bb5 Nd4 6. O-O a6 7. Bd3 e6 8. e5 f5
9. Nxd4 cxd4 10. Ne2 d6 11. exd6 Qxd6 12. a4 Ne7 13. b3 O-O 14. Ba3 Qc7 15. Qe1
b6 16. Qg3 Kh8 17. Rae1 Re8 18. h4 Bb7 19. Bc4 Nd5 20. Bb2 e5 21. Bxd5 Bxd5 22.
fxe5 Bxe5 23. Nf4 Rad8 24. Rxe5 Qxe5 25. Nxg6+ hxg6 26. Qxe5+ Rxe5 27. Bxd4 Kh7
28. Bxe5 Rc8 29. Bc3 Be4 30. Bd4 Rxc2 31. Bxb6 Rxd2 32. Rf2 Rxf2 33. Kxf2 Bc2
$11 1/2-1/2